000 00432nam a2200157Ia 4500
999 _c13038
_d13038
003 OSt
005 20201208141433.0
008 190216s9999||||xx |||||||||||||| ||und||
040 _coclc
082 _a301.434
_bBRA/T
100 _aBradbury, Wilbur
_97299
245 0 _aThe Adult Years /
_cWilbur Bradbury
260 _bTime Life Books,
300 _a176p
942 _cBK
_2ddc
_h301.434
_iBRA/T
_k301.434
_mBRA/T